[Event "SV Würselen 1 - Klub Kölner SF 1"]
[Site "Oberliga NRW 2015/2016"]
[Date "2015.11.22"]
[Round "3.7"]
[White "Wisskirchen, Andreas"]
[Black "Goossens, Etienne"]
[Result "1/2-1/2"]
[WhiteElo "2188"]
[BlackElo "2187"]
[Annotator "Hausrath,Daniel"]
[PlyCount "114"]
[EventDate "2015.??.??"]
[WhiteTeam "Klub Kölner SF 1"]
[BlackTeam "SV Würselen 1"]

1. d4 e6 2. c4 Bb4+ 3. Bd2 a5 4. Nf3 d6 5. Nc3 Nf6 6. Qc2 Nbd7 7. a3 Bxc3 8.
Bxc3 Qe7 9. e3 b6 10. Be2 Bb7 11. O-O O-O 12. b4 Ne4 13. Bb2 f5 14. Ne1 axb4
15. axb4 Rxa1 16. Bxa1 Qg5 17. Bb2 Ra8 18. Bc1 Qg6 19. f3 Nef6 20. Nd3 Qe8 21.
Bb2 Ra2 22. Ra1 Qa8 23. Qb1 Rxa1 24. Qxa1 Qxa1+ 25. Bxa1 Kf7 26. b5 g5 $11 27.
Kf2 h5 28. h3 h4 29. Bb2 Ke7 30. Ba3 c5 31. bxc6 Bxc6 32. Bd1 Bb7 33. Bb3 Bc6
34. Nb4 Bb7 35. Nd3 Bc6 36. Bc2 Bb7 37. Nb4 Nb8 38. Ba4 Ne8 39. Nd3 Bc6 40. Bb3
Na6 41. Ne5 Bb7 42. Ba4 Nf6 43. Nc6+ Bxc6 44. Bxc6 Nb8 45. Ba4 Nfd7 46. e4 fxe4
47. fxe4 e5 48. Ke3 exd4+ 49. Kxd4 Nc5 50. Bb5 Ke6 51. Bxc5 bxc5+ 52. Ke3 Nd7
53. Bxd7+ Kxd7 54. Kf3 Ke6 55. Kf2 Kf6 56. Kf3 Ke6 57. Kf2 Kf6 1/2-1/2

[Event "SV Würselen 1 - Klub Kölner SF 1"]
[Site "Oberliga NRW 2015/2016"]
[Date "2015.11.22"]
[Round "3.8"]
[White "Heinichen, Nils"]
[Black "Meertens, Martin"]
[Result "1/2-1/2"]
[WhiteElo "2068"]
[BlackElo "2086"]
[PlyCount "34"]
[EventDate "2015.??.??"]
[WhiteTeam "SV Würselen 1"]
[BlackTeam "Klub Kölner SF 1"]

1. c4 c6 2. d4 d5 3. Nf3 Nf6 4. Nc3 dxc4 5. a4 Bf5 6. e3 e6 7. Bxc4 Bb4 8. O-O
Nbd7 9. Qe2 Bg4 10. Rd1 O-O 11. e4 Re8 12. e5 Nd5 13. Ne4 h6 14. Ng3 Nf8 15. h3
Bxf3 16. Qxf3 Qh4 17. Nh5 Rad8 1/2-1/2

[Event "SV Wattenscheid 1 - Düsseldorfer SK 1"]
[Site "Oberliga NRW 2015/2016"]
[Date "2015.11.22"]
[Round "3.1"]
[White "Andersson, Ulf"]
[Black "Hopman, Pieter"]
[Result "1/2-1/2"]
[WhiteElo "2448"]
[BlackElo "2319"]
[Annotator "Hausrath,Daniel"]
[PlyCount "129"]
[EventDate "2015.??.??"]
[WhiteTeam "Düsseldorfer SK 1"]
[BlackTeam "SV Wattenscheid 1"]

1. d4 d6 2. c4 e5 3. Nc3 exd4 4. Qxd4 Nc6 5. Qd1 Nf6 6. Nf3 Be7 7. e3 O-O 8.
Be2 Re8 9. O-O Bf5 10. b3 Ne4 11. Bb2 Bf6 $11 12. Qc1 a5 13. Nd5 Bxb2 14. Qxb2
Nb4 15. Nd4 Bg6 16. Nf4 c6 17. a3 Na6 18. f3 Nec5 19. Qc3 Qe7 20. e4 Qf6 21.
Qd2 Nc7 22. Rad1 Qe5 23. Rfe1 a4 24. b4 Nb3 25. Nxb3 axb3 26. Qxd6 Qxd6 27.
Rxd6 Rxa3 28. Rb1 Na6 29. Rd3 Nxb4 30. Rdxb3 Rxb3 31. Rxb3 c5 32. Nd3 Nxd3 33.
Bxd3 Re7 34. Kf2 f6 35. Rb5 Rc7 36. Ke3 Kf8 37. f4 Be8 38. Ra5 Ke7 39. g4 Kd6
40. Ra8 Bc6 41. Rh8 h6 42. g5 hxg5 43. fxg5 fxg5 44. Rh5 Rc8 45. h3 Bd7 46.
Rxg5 Rh8 47. e5+ Kc7 48. Rxg7 Rxh3+ 49. Kd2 Kc8 50. Rg8+ Kc7 51. Rg7 Kc8 52.
Be4 Rh2+ 53. Ke3 Rh3+ 54. Kf4 Rh4+ 55. Kf3 Rh3+ 56. Kf2 Rh2+ 57. Bg2 Bc6 58.
Kg1 Rh5 59. e6 Bxg2 60. Kxg2 Re5 61. Re7 Kd8 62. Rd7+ Kc8 63. Re7 Kd8 64. Rd7+
Kc8 65. Re7 1/2-1/2

[Event "SV Wattenscheid 1 - Düsseldorfer SK 1"]
[Site "Oberliga NRW 2015/2016"]
[Date "2015.11.22"]
[Round "3.2"]
[White "Peelen, Piet"]
[Black "Coenen, Michael"]
[Result "1-0"]
[WhiteElo "2309"]
[BlackElo "2382"]
[PlyCount "83"]
[EventDate "2015.??.??"]
[WhiteTeam "SV Wattenscheid 1"]
[BlackTeam "Düsseldorfer SK 1"]

1. d4 Nf6 2. c4 g6 3. Nc3 d5 4. Nf3 Bg7 5. Bg5 Ne4 6. Bh4 Nxc3 7. bxc3 c5 8.
cxd5 cxd4 9. cxd4 Qxd5 10. e3 Nc6 11. Be2 Qa5+ 12. Qd2 Qxd2+ 13. Kxd2 e6 14.
Rhc1 h6 15. Rab1 O-O 16. Bb5 Bd7 17. Ba4 Be8 18. Rxb7 Nxd4 19. exd4 Bxa4 20.
Rc4 g5 21. Bg3 g4 22. Ne5 Be8 23. Nxg4 Rd8 24. Be5 a6 25. Ke3 Bb5 26. Rc5 Rc8
27. f3 Rxc5 28. dxc5 Rd8 29. Bxg7 Kxg7 30. Ne5 Rd5 31. f4 Rxc5 32. Rxf7+ Kg8
33. Rf6 Rc2 34. Rg6+ Kh7 35. Rxe6 Rxg2 36. a4 Bf1 37. f5 Re2+ 38. Kf3 Rxh2 39.
Re7+ Kg8 40. f6 Rh5 41. Rg7+ Kf8 42. Ng6+ 1-0

[Event "SV Wattenscheid 1 - Düsseldorfer SK 1"]
[Site "Oberliga NRW 2015/2016"]
[Date "2015.11.22"]
[Round "3.3"]
[White "Stark, Lars"]
[Black "Schoorl, Rob"]
[Result "1-0"]
[WhiteElo "2403"]
[BlackElo "2300"]
[PlyCount "163"]
[EventDate "2015.??.??"]
[WhiteTeam "Düsseldorfer SK 1"]
[BlackTeam "SV Wattenscheid 1"]

1. c4 g6 2. g3 Bg7 3. Bg2 f5 4. Nc3 Nf6 5. d3 O-O 6. e4 fxe4 7. dxe4 d6 8. Nge2
c5 9. O-O Nc6 10. h3 e5 11. Nd5 Nd4 12. Bg5 Be6 13. Nec3 Qd7 14. Kh2 Rae8 15.
Qd3 Nxd5 16. cxd5 Bf7 17. h4 b5 18. b3 Rb8 19. Rac1 Be8 20. Nb1 h6 21. Be3 Qe7
22. Nd2 Bd7 23. f3 Rf7 24. Rf2 Bf6 25. Bh3 Bxh3 26. Kxh3 g5 27. h5 Rbf8 28. Kg2
Qd7 29. Nf1 g4 30. f4 exf4 31. gxf4 Bh4 32. Ng3 Nf3 33. Rff1 a6 34. Nf5 Rxf5
35. exf5 Rxf5 36. Qe4 Qf7 37. Rcd1 Bf6 38. Rh1 Bd4 39. Bc1 Rxd5 40. Kg3 Rxh5
41. Rxh5 Qxh5 42. Qe6+ Kf8 43. Qxd6+ Kf7 44. Qd7+ Kf6 45. Qxg4 Qxg4+ 46. Kxg4
Ng1 47. Re1 h5+ 48. Kxh5 Kf5 49. Re8 c4 50. bxc4 bxc4 51. Be3 Nf3 52. Bxd4 Nxd4
53. Rc8 Kxf4 54. Rxc4 Ke4 55. Ra4 Kd5 56. Rxa6 Kc5 57. Kg4 Kb5 58. Ra8 Kb6 59.
Kf4 Kb7 60. Rh8 Ne2+ 61. Ke3 Nc3 62. Kd4 Nb5+ 63. Kc5 Ka6 64. Kb4 Na7 65. Rh6+
Kb7 66. Kc5 Nc8 67. Rh7+ Kb8 68. Kb5 Na7+ 69. Ka6 Nc8 70. Kb5 Na7+ 71. Kc5 Nc8
72. a4 Na7 73. a5 Nc8 74. a6 Na7 75. Rb7+ Ka8 76. Kb6 Nc8+ 77. Kc7 Ne7 78. Rb5
Ka7 79. Re5 Ng6 80. Re4 Nh8 81. Kc6 Ng6 82. Kb5 1-0

[Event "SV Wattenscheid 1 - Düsseldorfer SK 1"]
[Site "Oberliga NRW 2015/2016"]
[Date "2015.11.22"]
[Round "3.5"]
[White "Hainke, Guntram"]
[Black "Franke, Johannes"]
[Result "1/2-1/2"]
[WhiteElo "2305"]
[BlackElo "2257"]
[PlyCount "58"]
[EventDate "2015.??.??"]
[WhiteTeam "Düsseldorfer SK 1"]
[BlackTeam "SV Wattenscheid 1"]

1. d4 c5 2. d5 e5 3. e4 d6 4. Bb5+ Nd7 5. a4 Ngf6 6. Nc3 Be7 7. Nf3 O-O 8. O-O
Ne8 9. Nd2 Bg5 10. Nc4 Bxc1 11. Qxc1 Nb6 12. Ne3 a6 13. Bxe8 Rxe8 14. a5 Nd7
15. Nc4 Qe7 16. Na4 Nf6 17. Nab6 Rb8 18. Qe3 Bd7 19. Nxd7 Qxd7 20. Ra3 Re7 21.
Rb3 Qa4 22. Qd3 Rd8 23. Rb6 Ne8 24. g3 f6 25. Kg2 Qd7 26. Re1 Rf7 27. Re3 Qe7
28. Qe2 g6 29. Qg4 f5 1/2-1/2

[Event "SV Wattenscheid 1 - Düsseldorfer SK 1"]
[Site "Oberliga NRW 2015/2016"]
[Date "2015.11.22"]
[Round "3.6"]
[White "Hirsch, Stefan"]
[Black "Schuh, Dirk"]
[Result "1/2-1/2"]
[WhiteElo "2193"]
[BlackElo "2323"]
[PlyCount "103"]
[EventDate "2015.??.??"]
[WhiteTeam "SV Wattenscheid 1"]
[BlackTeam "Düsseldorfer SK 1"]

1. e4 e5 2. Nf3 Nc6 3. Bb5 a6 4. Ba4 Nf6 5. d3 b5 6. Bb3 Bc5 7. O-O d6 8. c3
Ba7 9. Re1 h6 10. h3 g5 11. Nh2 g4 12. hxg4 Rg8 13. Be3 Nxg4 14. Bd5 Bxe3 15.
Bxc6+ Kf8 16. Rxe3 Nxe3 17. fxe3 Bh3 18. Qh5 Rxg2+ 19. Kh1 Rg3 20. Qxh6+ Kg8
21. Nf3 Rxf3 22. Nd2 Rg3 23. Kh2 Rg7 24. Rg1 Bg4 25. Bxa8 Rg6 26. Qxg6+ fxg6
27. Bd5+ Kg7 28. Rxg4 c6 29. Bb3 Qh8+ 30. Kg2 Qh5 31. Bd1 Qh6 32. Rg3 Kf6 33.
Nf1 Ke7 34. Nh2 a5 35. Bg4 a4 36. Bh3 Qh7 37. b3 Qg8 38. c4 axb3 39. axb3 Qa8
40. Rxg6 Qa2+ 41. Kg3 Qxb3 42. Re6+ Kf8 43. cxb5 cxb5 44. Rxd6 Qc3 45. Nf3 b4
46. Be6 Ke7 47. Rb6 Qxd3 48. Bd5 Qc3 49. Re6+ Kd8 50. Nxe5 Qxe3+ 51. Kg4 b3 52.
Nc4 1/2-1/2

[Event "SV Wattenscheid 1 - Düsseldorfer SK 1"]
[Site "Oberliga NRW 2015/2016"]
[Date "2015.11.22"]
[Round "3.7"]
[White "Fischdick, Gisela"]
[Black "Koerber, Matthias"]
[Result "1/2-1/2"]
[WhiteElo "2154"]
[BlackElo "2139"]
[PlyCount "76"]
[EventDate "2015.??.??"]
[WhiteTeam "Düsseldorfer SK 1"]
[BlackTeam "SV Wattenscheid 1"]

1. d4 d5 2. Bf4 c6 3. e3 Bf5 4. c4 e6 5. Nc3 Nd7 6. Qb3 Qb6 7. Nf3 Ngf6 8. c5
Qxb3 9. axb3 a6 10. b4 Rc8 11. h3 Be7 12. Nd2 Bd8 13. g4 Bc2 14. Bd6 Bc7 15.
Bxc7 Rxc7 16. f4 O-O 17. Kf2 Ne8 18. Be2 f6 19. Rhc1 Bg6 20. Re1 Nb8 21. Nb3
Rff7 22. Na5 Rfe7 23. Bf3 Bf7 24. Nb3 e5 25. Rad1 g6 26. h4 h6 27. Rg1 exf4 28.
exf4 Ng7 29. Rde1 Ne6 30. Ne2 Kf8 31. Kg3 Re8 32. Nec1 Rce7 33. Nd3 Nd7 34. Kf2
Bg8 35. f5 gxf5 36. gxf5 Ng7 37. Rxe7 Rxe7 38. Nf4 Kf7 1/2-1/2

[Event "SV Wattenscheid 1 - Düsseldorfer SK 1"]
[Site "Oberliga NRW 2015/2016"]
[Date "2015.11.22"]
[Round "3.8"]
[White "Kaehmann, Joerg"]
[Black "Herzum, Peter"]
[Result "1-0"]
[WhiteElo "2181"]
[BlackElo "2012"]
[PlyCount "63"]
[EventDate "2015.??.??"]
[WhiteTeam "SV Wattenscheid 1"]
[BlackTeam "Düsseldorfer SK 1"]

1. e4 c5 2. Nf3 d6 3. d4 cxd4 4. Nxd4 Nf6 5. Nc3 a6 6. h3 e5 7. Nde2 Be6 8. g4
d5 9. exd5 Nxd5 10. Bg2 Bb4 11. O-O Bxc3 12. Nxc3 Nxc3 13. Qxd8+ Kxd8 14. bxc3
Nc6 15. Be3 Kc7 16. Rfb1 b5 17. a4 Bc4 18. a5 Rab8 19. Bb6+ Rxb6 20. axb6+ Kxb6
21. Bxc6 Kxc6 22. Rxa6+ Kb7 23. Rba1 Rd8 24. Ra7+ Kb6 25. R1a6+ Kc5 26. Rc7+
Kd5 27. Rxf7 b4 28. Ra5+ Kc6 29. Rxg7 Rd1+ 30. Kg2 bxc3 31. Ra3 Bd5+ 32. Kg3
1-0

[Event "SVG Plettenberg 1 - SK Münster 1"]
[Site "Oberliga NRW 2015/2016"]
[Date "2015.11.22"]
[Round "3.2"]
[White "Bouaraba, Max"]
[Black "Webb, Laurence"]
[Result "1-0"]
[WhiteElo "2190"]
[BlackElo "2261"]
[PlyCount "83"]
[EventDate "2015.??.??"]
[WhiteTeam "SVG Plettenberg 1"]
[BlackTeam "SK Münster 1"]

1. d4 Nf6 2. c4 c5 3. d5 b5 4. cxb5 a6 5. bxa6 g6 6. Nc3 Bxa6 7. e4 Bxf1 8.
Kxf1 d6 9. g3 Bg7 10. Kg2 O-O 11. Nf3 Nfd7 12. Bf4 Na6 13. Re1 Qb6 14. Rb1 f6
15. Qd2 Nc7 16. a4 Ne5 17. Nxe5 fxe5 18. Bg5 Rf7 19. b3 Raf8 20. Be3 Qb4 21.
Qd3 h5 22. Qc4 Rb8 23. Rec1 Qb7 24. b4 cxb4 25. Nb5 Na6 26. Qc6 Rff8 27. Ba7
Nc5 28. Qxb7 Rxb7 29. Bxc5 dxc5 30. Rxc5 Ra8 31. Rxb4 Bf8 32. Rbc4 Kf7 33. Rc7
Rxc7 34. Nxc7 Ra7 35. Ne6 Bh6 36. Nd8+ Kf6 37. Nc6 Rb7 38. Rc2 Rb6 39. a5 Ra6
40. Kf3 Bf8 41. Rb2 Ra8 42. Rb8 1-0

[Event "SVG Plettenberg 1 - SK Münster 1"]
[Site "Oberliga NRW 2015/2016"]
[Date "2015.11.22"]
[Round "3.3"]
[White "Wolter, Kai"]
[Black "Pieper, Dawid"]
[Result "1/2-1/2"]
[WhiteElo "2249"]
[BlackElo "2165"]
[PlyCount "36"]
[EventDate "2015.??.??"]
[WhiteTeam "SK Münster 1"]
[BlackTeam "SVG Plettenberg 1"]

1. e4 e5 2. Nf3 Nc6 3. Bc4 Nf6 4. d3 Be7 5. O-O O-O 6. Bb3 d5 7. exd5 Nxd5 8.
h3 a5 9. a4 Ndb4 10. Re1 Bf6 11. Nc3 Bf5 12. Ne4 h6 13. Bd2 Re8 14. Bc3 b6 15.
Nh2 Be6 16. Nxf6+ Qxf6 17. Ng4 Qg5 18. Bd2 Qg6 1/2-1/2

[Event "SVG Plettenberg 1 - SK Münster 1"]
[Site "Oberliga NRW 2015/2016"]
[Date "2015.11.22"]
[Round "3.4"]
[White "Schulze, Marc"]
[Black "Chilla, Jan Eric"]
[Result "1/2-1/2"]
[WhiteElo "2070"]
[BlackElo "2225"]
[Annotator "Hausrath,Daniel"]
[PlyCount "80"]
[EventDate "2015.??.??"]
[WhiteTeam "SVG Plettenberg 1"]
[BlackTeam "SK Münster 1"]

1. Nf3 Nf6 2. d4 e6 3. Bf4 c5 4. e3 d5 5. Nbd2 Nc6 6. c3 Bd6 7. Bg3 O-O 8. Bd3
b6 9. Ne5 Bb7 10. O-O Rc8 11. Nxc6 Bxc6 12. Bxd6 Qxd6 13. f4 Ne4 14. Qe2 f6 15.
Qh5 g6 16. Qe2 Kg7 17. Bxe4 dxe4 18. a4 Rfd8 19. Nc4 Qe7 20. Rfd1 Bb7 21. Na3
cxd4 22. cxd4 Bd5 23. a5 Qb4 24. axb6 axb6 25. Qd2 $11 Qb3 26. Rac1 b5 27. Rxc8
Rxc8 28. Rc1 Rxc1+ 29. Qxc1 Qd3 30. Qc3 Qe2 31. b4 Kh6 32. h3 Kh5 33. Kh2 Kh6
34. Qc8 Kh5 35. Qh8 h6 36. Qxf6 Qf2 37. Qe5+ Kh4 38. Qf6+ Kh5 39. Qe5+ Kh4 40.
Qf6+ Kh5 1/2-1/2

[Event "SVG Plettenberg 1 - SK Münster 1"]
[Site "Oberliga NRW 2015/2016"]
[Date "2015.11.22"]
[Round "3.5"]
[White "Bolwerk, Peter"]
[Black "Richardt, Mike"]
[Result "1-0"]
[WhiteElo "2170"]
[BlackElo "1985"]
[PlyCount "65"]
[EventDate "2015.??.??"]
[WhiteTeam "SK Münster 1"]
[BlackTeam "SVG Plettenberg 1"]

1. e4 c5 2. Nf3 Nc6 3. d4 cxd4 4. Nxd4 Nf6 5. Nc3 e5 6. Ndb5 d6 7. Bg5 a6 8.
Na3 b5 9. Nd5 Be7 10. Bxf6 Bxf6 11. c4 b4 12. Nc2 Rb8 13. Qf3 Be6 14. Rd1 Bxd5
15. Rxd5 Qe7 16. Be2 O-O 17. O-O Rfd8 18. Rfd1 Qc7 19. Qd3 Nd4 20. Nxd4 exd4
21. b3 Qb6 22. Bg4 g6 23. Qg3 Rb7 24. f4 Re8 25. Bf3 Rc7 26. Re1 Rc5 27. e5
dxe5 28. fxe5 Bg7 29. Rd6 Qc7 30. Bd5 Bh6 31. e6 Be3+ 32. Rxe3 Rxd5 33. Rxd5
1-0

[Event "SVG Plettenberg 1 - SK Münster 1"]
[Site "Oberliga NRW 2015/2016"]
[Date "2015.11.22"]
[Round "3.6"]
[White "Klippert, Jan Oliver"]
[Black "Kamp, Christoph"]
[Result "0-1"]
[WhiteElo "1807"]
[BlackElo "2172"]
[PlyCount "64"]
[EventDate "2015.??.??"]
[WhiteTeam "SVG Plettenberg 1"]
[BlackTeam "SK Münster 1"]

1. e4 e6 2. d4 d5 3. exd5 exd5 4. Nf3 Nc6 5. Bb5 Bd7 6. O-O Bd6 7. Re1+ Nge7 8.
Nc3 O-O 9. Bd3 Nb4 10. Ne5 Nxd3 11. Nxd3 c6 12. Bf4 Bxf4 13. Nxf4 Bf5 14. Nd3
Re8 15. Nc5 Qc7 16. Qd2 Ng6 17. g3 Nf8 18. Rac1 b6 19. Nd3 Ne6 20. Ne5 f6 21.
Nf3 g5 22. h4 h6 23. Kg2 Qg7 24. hxg5 hxg5 25. Rh1 Rad8 26. Rce1 Qg6 27. Rc1 c5
28. Kf1 Bg4 29. Nh2 Bh3+ 30. Kg1 Nxd4 31. Qd3 Bf5 32. Qd2 Be4 0-1

[Event "SVG Plettenberg 1 - SK Münster 1"]
[Site "Oberliga NRW 2015/2016"]
[Date "2015.11.22"]
[Round "3.7"]
[White "Rott, Georg"]
[Black "Maniocha, Marek"]
[Result "1-0"]
[WhiteElo "2109"]
[BlackElo "1940"]
[PlyCount "79"]
[EventDate "2015.??.??"]
[WhiteTeam "SK Münster 1"]
[BlackTeam "SVG Plettenberg 1"]

1. e4 c5 2. Nf3 e6 3. c3 Nf6 4. e5 Nd5 5. d4 cxd4 6. cxd4 Nc6 7. a3 d6 8. Bd3
Be7 9. O-O O-O 10. Qe2 f6 11. Rd1 f5 12. exd6 Qxd6 13. Bc4 Bf6 14. Nc3 a6 15.
Bg5 Bd7 16. Bxf6 Rxf6 17. Ne5 Rd8 18. Rac1 Rff8 19. Ba2 Bc8 20. Nxd5 exd5 21.
f4 Ne7 22. Rc3 Be6 23. Rdc1 g6 24. Qf2 Rc8 25. Rc5 Kg7 26. b4 b6 27. Rxc8 Rxc8
28. Rxc8 Bxc8 29. Qc2 Bd7 30. h3 Ng8 31. Qe2 Bc8 32. Nd3 Nf6 33. Qe5 Qe6 34.
Qc7+ Kh6 35. Ne5 Ne8 36. Qd8 Nd6 37. Qf8+ Kh5 38. g4+ Kh4 39. Kg2 fxg4 40. Qh6#
1-0

[Event "SVG Plettenberg 1 - SK Münster 1"]
[Site "Oberliga NRW 2015/2016"]
[Date "2015.11.22"]
[Round "3.8"]
[White "Warmbier, Joerg"]
[Black "Neuer, Thomas"]
[Result "0-1"]
[WhiteElo "1922"]
[BlackElo "2060"]
[PlyCount "56"]
[EventDate "2015.??.??"]
[WhiteTeam "SVG Plettenberg 1"]
[BlackTeam "SK Münster 1"]

1. e4 e6 2. d4 d5 3. e5 c5 4. c3 Nc6 5. Be3 Qb6 6. Qd2 Bd7 7. Nf3 Rc8 8. Be2
cxd4 9. Bxd4 Nxd4 10. Nxd4 Ne7 11. O-O Nc6 12. Nxc6 bxc6 13. Qc2 g6 14. Nd2 Bg7
15. Nf3 Rb8 16. b4 Qc7 17. Qa4 c5 18. b5 c4 19. Rab1 O-O 20. Qa6 Rb6 21. Qa5
Rfb8 22. a4 R8b7 23. Rfe1 Qb8 24. Ra1 Bf8 25. Nd4 a6 26. Rab1 axb5 27. Nxb5
Bxb5 28. axb5 Ra7 0-1

[Event "DJK Aufwärts Aachen 2 - SG Porz 2"]
[Site "Oberliga NRW 2015/2016"]
[Date "2015.11.22"]
[Round "3.1"]
[White "Malykin, Vitaly"]
[Black "Jakubiec, Artur"]
[Result "0-1"]
[WhiteElo "2365"]
[BlackElo "2520"]
[PlyCount "86"]
[EventDate "2015.??.??"]
[WhiteTeam "SG Porz 2"]
[BlackTeam "DJK Aufwärts Aachen 2"]

1. Nf3 f5 2. d4 Nf6 3. g3 g6 4. Bg2 Bg7 5. O-O O-O 6. b3 d6 7. Bb2 Ne4 8. Nbd2
Nc6 9. c4 Nxd2 10. Qxd2 e5 11. d5 Nb8 12. Qc3 Rf7 13. e4 f4 14. c5 g5 15. Nd2
Nd7 16. cxd6 cxd6 17. Nc4 Nb6 18. Rfc1 Nxc4 19. bxc4 b6 20. a4 Qf6 21. a5 f3
22. Bf1 Rb8 23. axb6 axb6 24. Rcb1 Qg6 25. Qd3 Qh5 26. Bc1 Bh3 27. Ra6 Bf8 28.
Raxb6 Rxb6 29. Rxb6 Bxf1 30. Qxf1 Qg4 31. Qd3 h5 32. c5 h4 33. Be3 Ra7 34. Rb1
Ra3 35. Qf1 hxg3 36. hxg3 Ra7 37. Bxg5 Qxg5 38. Qh3 dxc5 39. Qe6+ Rf7 40. Rb8
Kg7 41. d6 Rf6 42. Rb7+ Kh8 43. Qh3+ Rh6 0-1

[Event "DJK Aufwärts Aachen 2 - SG Porz 2"]
[Site "Oberliga NRW 2015/2016"]
[Date "2015.11.22"]
[Round "3.2"]
[White "Braun, Christian"]
[Black "Korotkjevich, Stanislav"]
[Result "1/2-1/2"]
[WhiteElo "2395"]
[BlackElo "2333"]
[PlyCount "40"]
[EventDate "2015.??.??"]
[WhiteTeam "DJK Aufwärts Aachen 2"]
[BlackTeam "SG Porz 2"]

1. e4 c6 2. d4 d5 3. Nd2 dxe4 4. Nxe4 Bf5 5. Ng3 Bg6 6. h4 h6 7. Nf3 Nd7 8. h5
Bh7 9. Bd3 Bxd3 10. Qxd3 e6 11. Bd2 Ngf6 12. O-O-O Be7 13. Ne4 Nxe4 14. Qxe4
Nf6 15. Qe2 Qd5 16. c4 Qe4 17. Qxe4 Nxe4 18. Be3 O-O 19. Nd2 Nf6 20. f3 b5
1/2-1/2

[Event "DJK Aufwärts Aachen 2 - SG Porz 2"]
[Site "Oberliga NRW 2015/2016"]
[Date "2015.11.22"]
[Round "3.3"]
[White "Pauly, Carlo"]
[Black "van Oosterom, Chiel"]
[Result "0-1"]
[WhiteElo "2239"]
[BlackElo "2403"]
[PlyCount "84"]
[EventDate "2015.??.??"]
[WhiteTeam "SG Porz 2"]
[BlackTeam "DJK Aufwärts Aachen 2"]

1. d4 f5 2. c4 Nf6 3. g3 d6 4. Bg2 g6 5. Nc3 Bg7 6. Nf3 O-O 7. O-O Qe8 8. Re1
e5 9. dxe5 dxe5 10. e4 Nc6 11. Nd5 fxe4 12. Ng5 Nxd5 13. cxd5 Nd4 14. Nxe4 Kh8
15. Be3 Qb5 16. Rc1 Qxd5 17. Rxc7 Qd8 18. Rc1 Be6 19. b3 Bd5 20. h4 Rc8 21.
Rxc8 Qxc8 22. h5 gxh5 23. Qxh5 Bf7 24. Qg5 Bg6 25. Qe7 Qc2 26. Ng5 Qxa2 27.
Qxb7 a5 28. Bd5 Qb2 29. Qa6 Nc2 30. Rf1 Nxe3 31. fxe3 Rxf1+ 32. Qxf1 Qd2 33.
Qf3 h6 34. Bf7 Qc1+ 35. Kh2 Qc2+ 36. Kg1 Qb1+ 37. Kf2 Qc2+ 38. Kg1 Qb1+ 39. Kf2
hxg5 40. g4 Qc2+ 41. Kg3 e4 42. Qh1+ Bh7 0-1

[Event "DJK Aufwärts Aachen 2 - SG Porz 2"]
[Site "Oberliga NRW 2015/2016"]
[Date "2015.11.22"]
[Round "3.4"]
[White "Skulener, Wladimir"]
[Black "Xu, Xianliang"]
[Result "1-0"]
[WhiteElo "2299"]
[BlackElo "2236"]
[PlyCount "83"]
[EventDate "2015.??.??"]
[WhiteTeam "DJK Aufwärts Aachen 2"]
[BlackTeam "SG Porz 2"]

1. d4 d5 2. Nf3 Nf6 3. c4 c6 4. Nc3 e6 5. Bg5 Nbd7 6. e3 Qa5 7. cxd5 Nxd5 8.
Qd2 N7b6 9. Bd3 Nxc3 10. bxc3 Nd5 11. O-O Qxc3 12. Qe2 h6 13. Bh4 Bd6 14. Nd2
Qa5 15. Nc4 Qc7 16. Nxd6+ Qxd6 17. Bg3 Qe7 18. Rac1 O-O 19. e4 Nb4 20. Bb1 b6
21. Rfd1 Bb7 22. a3 Na6 23. Rc3 Rfd8 24. Bf4 c5 25. Rg3 Kh8 26. Qh5 Qf8 27. d5
c4 28. Qh4 f6 29. Bxh6 gxh6 30. Rg6 Kh7 31. Rxf6 Qg7 32. e5+ Kg8 33. Rg6 Rd7
34. Rd4 Bxd5 35. Rdg4 Rf8 36. Qxh6 Rff7 37. Rh4 Kf8 38. Rxg7 Rxg7 39. Qh8+ Rg8
40. Qf6+ Rf7 41. Qd8+ Kg7 42. Rh7# 1-0

[Event "DJK Aufwärts Aachen 2 - SG Porz 2"]
[Site "Oberliga NRW 2015/2016"]
[Date "2015.11.22"]
[Round "3.5"]
[White "Gallinnis, Norbert"]
[Black "Buscher, Michael"]
[Result "0-1"]
[WhiteElo "2212"]
[BlackElo "2373"]
[PlyCount "54"]
[EventDate "2015.??.??"]
[WhiteTeam "SG Porz 2"]
[BlackTeam "DJK Aufwärts Aachen 2"]

1. e4 c5 2. Na3 Nc6 3. g3 d5 4. exd5 Qxd5 5. Qf3 Qxf3 6. Nxf3 Bd7 7. Bg2 e5 8.
O-O O-O-O 9. Ng5 Nh6 10. d3 Nd4 11. Re1 f6 12. c3 Ndf5 13. Ne4 Nf7 14. f4 Be6
15. fxe5 Nxe5 16. Ng5 Bg8 17. Bh3 g6 18. Re2 Nxd3 19. Ne6 Re8 20. Nxf8 Rxe2 21.
Bh6 Bd5 22. c4 Bc6 23. Rf1 Kb8 24. Rxf5 gxf5 25. Bf1 Re1 26. h3 f4 27. Nc2 f3
0-1

[Event "DJK Aufwärts Aachen 2 - SG Porz 2"]
[Site "Oberliga NRW 2015/2016"]
[Date "2015.11.22"]
[Round "3.6"]
[White "Marcziter, Dmitrii"]
[Black "Fieberg, Samuel"]
[Result "1-0"]
[WhiteElo "2226"]
[BlackElo "2181"]
[PlyCount "107"]
[EventDate "2015.??.??"]
[WhiteTeam "DJK Aufwärts Aachen 2"]
[BlackTeam "SG Porz 2"]

1. d4 d5 2. c4 c6 3. Nf3 Nf6 4. Nc3 e6 5. e3 Nbd7 6. Bd3 dxc4 7. Bxc4 b5 8. Bd3
a6 9. O-O c5 10. Qe2 Bb7 11. Rd1 Qc7 12. e4 cxd4 13. Nxd4 Bc5 14. Nb3 b4 15.
Nb1 Bd6 16. h3 O-O 17. Bg5 Bf4 18. Bxf6 Nxf6 19. N1d2 Rad8 20. Rac1 Qd6 21. Nc4
Qe7 22. Ra1 Nd7 23. Nca5 Ba8 24. Bxa6 Ne5 25. Nc4 f5 26. Nxe5 Bxe5 27. exf5
exf5 28. Bc4+ Kh8 29. Rxd8 Rxd8 30. Re1 Qg5 31. f4 Qxf4 32. Qxe5 Qxc4 33. Qxf5
Qc6 34. Qf2 Qg6 35. Nc5 h6 36. Ne6 Rc8 37. Nf4 Qg5 38. Kh2 Qf5 39. Re2 Be4 40.
Qg3 Kh7 41. Qg4 Qxg4 42. hxg4 Bb1 43. b3 Ra8 44. Rb2 Be4 45. Kg3 Ra5 46. Kf2 g5
47. Nh5 Kg6 48. Rd2 Ra6 49. Rd7 Rxa2+ 50. Ke3 Re2+ 51. Kxe2 Bf3+ 52. Kf2 Bxg4
53. Rd4 Bxh5 54. g4 1-0

[Event "DJK Aufwärts Aachen 2 - SG Porz 2"]
[Site "Oberliga NRW 2015/2016"]
[Date "2015.11.22"]
[Round "3.7"]
[White "Wagenknecht, Uwe"]
[Black "Van Dooren, Dirk"]
[Result "1-0"]
[WhiteElo "2161"]
[BlackElo "2270"]
[PlyCount "67"]
[EventDate "2015.??.??"]
[WhiteTeam "SG Porz 2"]
[BlackTeam "DJK Aufwärts Aachen 2"]

1. Nf3 f5 2. d3 Nc6 3. g3 e5 4. Bg2 Nf6 5. O-O d5 6. c4 d4 7. e3 dxe3 8. Bxe3
Be7 9. Nc3 O-O 10. Nd5 Bd6 11. Bg5 Be6 12. Re1 Qd7 13. Nxf6+ gxf6 14. Bh6 Rfe8
15. a3 a5 16. Qa4 Bc5 17. Rad1 Qd6 18. Be3 b6 19. d4 exd4 20. Nxd4 Nxd4 21.
Bxd4 Bd7 22. Bxc5 Bxa4 23. Bxd6 Bxd1 24. Rxd1 Rac8 25. Bf4 Re7 26. Bh3 Rce8 27.
Rd2 Re4 28. Bxc7 Rxc4 29. Bxb6 f4 30. Kg2 a4 31. Bd7 Re1 32. Bb5 Rce4 33. Bd4
fxg3 34. hxg3 1-0

[Event "DJK Aufwärts Aachen 2 - SG Porz 2"]
[Site "Oberliga NRW 2015/2016"]
[Date "2015.11.22"]
[Round "3.8"]
[White "Juegel, Marcel"]
[Black "Liard, Thibaud"]
[Result "1-0"]
[WhiteElo "2169"]
[BlackElo "2128"]
[PlyCount "69"]
[EventDate "2015.??.??"]
[WhiteTeam "DJK Aufwärts Aachen 2"]
[BlackTeam "SG Porz 2"]

1. d4 Nf6 2. Nf3 g6 3. Nc3 d5 4. Bf4 Bg7 5. e3 O-O 6. Be2 c5 7. Ne5 cxd4 8.
exd4 Qb6 9. Na4 Qa5+ 10. c3 Nfd7 11. b4 Qd8 12. Bf3 Nc6 13. Nxd7 Bxd7 14. Nc5
e5 15. dxe5 Nxe5 16. Bxd5 Bb5 17. a4 Nd3+ 18. Nxd3 Qxd5 19. axb5 Bxc3+ 20. Ke2
Rfe8+ 21. Be3 Qxg2 22. Nf4 Qg5 23. Rc1 Bxb4 24. Qd4 Qxb5+ 25. Kf3 Bf8 26. Rhd1
a5 27. Nd5 Bg7 28. Nf6+ Kh8 29. Rc5 Qa6 30. Nxe8 Bxd4 31. Bxd4+ f6 32. Nc7 Qa7
33. Nxa8 Kg7 34. Rc7+ Kh6 35. Bxa7 1-0